Наукові та науково-правничі школи: стан та проблеми правового регулювання (Запис № 393635)

МАРК-запис
000 -Лідер
fixed length control field 00809nam a22002417a 4500
003 - Ідентифікатор контрольного номера
control field UA-OsUOA
001 - Контрольний номер
control field 107437
007 - Фіксоване поле фізичного опису
fixed length control field ta
008 - Елементи даних фіксованої довжини – загальна інформація
fixed length control field 20140815b un ||||| |||| 00| 0 ukr d
090 ## - Локальний шифр розміщення
Класифікаційний індекс УДК 340.12(091)(075.8)
Авторський знак (НП) А65
040 ## - Джерело каталогізації
Агенція оригінальної каталогізації UA-OsUOA
Мова каталогізації ukr
Агенція, яка здійснювала перезапис UA-OsUOA
Агенція, яка здійснювала модифікацію UA-OsUOA
041 ## - Код мови
Код мови тексту/ звукової доріжки чи окремого заголовка (П) ukr
080 ## - Індекс Універсальної десяткової класифікації
Індекс Універсальної десяткової класифікації (УДК) (НП) 340.12(091)(075.8)
020 ## - Міжнародний стандартний книжковий номер (ISBN)
Міжнародний стандартний книжковий номер (ISBN) (НП) 978-966-346-645-3
100 ## - Основне введення – ім’я особи
Ім’я особи (НП) Андрейцев В. І.
245 ## - Відомості про назву
Назва (НП) Наукові та науково-правничі школи: стан та проблеми правового регулювання
260 ## - Публікація, розповсюдження і т.п. (Вихідні дані)
Місце публікації, розповсюдження і т.п. (П) К.
Ім’я/ наймення видавництва, розповсюджувача і т.п. (П) Знання
Дата публікації, розповсюдження і т.п. (П) 2009
300 ## - Фізичний опис
Обсяг 414 с.
650 #7 - Додаткове предметне введення – тематичний термін
Тематичний термін чи географічна назва, як елемент введення (НП) 340 Право в цілому. Пропедевтика. Методи та допоміжні правничі науки
Джерело заголовка чи терміна UDC
942 ## - Додаткові елементи входу (Коха)
Тип елемента Koha Книги
955 ## - Код типу видання за змістом
Код типу видання за змістом (НП) Наукові видання
Фонди
Стан вилучень Стан втрат Джерело класифікації або схеми стелажів Стан уражень Не для кредиту Постійне місце розташування Поточне розміщення Дата придбання Джерело придбання Вартість, звичайна ціна покупки Інвентарний номер Усього замовленно Повний номер виклику Штрих-код Дата останнього перегляду Ціна ефективна від Тип елемента Koha
    Universal Decimal Classification     АБ - Абонемент НБ АБ - Абонемент НБ 15/08/2014 28/2014 60.00 146134   340.12(091)(075.8) А65 146134 10/12/2021 15/08/2014 Книги
    Universal Decimal Classification     ЧЗ - Читальна зала ЧЗ - Читальна зала 15/08/2014 28/2014 60.00 146135   340.12(091)(075.8) А65 146135 06/02/2022 15/08/2014 Книги
    Universal Decimal Classification     ЧЗ - Читальна зала ЧЗ - Читальна зала 15/08/2014 28/2014 60.00 146136   340.12(091)(075.8) А65 146136 06/02/2022 15/08/2014 Книги